| 000 | 004100000a22001690004500 | ||
|---|---|---|---|
| 003 | MACL | ||
| 005 | 20151027110650.0 | ||
| 008 | 151027b xxu||||| |||| 00| 0 eng d | ||
| 040 |
_aMACL _cMACL |
||
| 041 | _aEnglish | ||
| 082 | _a954 | ||
| 100 |
_aGandhi, Rajiv _916830 |
||
| 245 | _a100 Glorious Years | ||
| 260 |
_bIndian National Congress _c1985 _aBombay |
||
| 650 |
_aHistory _916831 |
||
| 942 |
_cBK _k954 _2ddc |
||
| 999 |
_c6356 _d6356 |
||